minérai - Statistiques

Statistiques générales
  • Ce quiz a été pris 0 fois
  • Le résultat moyen est 0 sur 115
Statistiques - réponses
Hint Réponse % Correct
néolithique 2300
0%
paléo inférieur 2 millions 300 000
0%
nbr élément critique 34
0%
paléo moyen 40000
0%
age fer 52
0%
mésolithique 6000
0%
age bronze 800
0%
paléo supérieur 9600
0%
domaine use eau agriculture
0%
pierre fine améthyste
0%
lune argent
0%
argent argent natif
0%
ciment argile
0%
porcelaine argile blanc
0%
briques argile chauffé
0%
miné en france arsenic
0%
17% autre
0%
aluminium bauxite
0%
béryllium béryl
0%
parpaing béton creux
0%
combustible fossile bitume
0%
ciment calcaire
0%
étain cassitérite
0%
combustible fossile | miné en france charbon
0%
chrome chromite
0%
béton ciment
0%
mercure cinabre
0%
miné en france | venus cuivre
0%
cuivre cuivre natif
0%
gemmes diamant
0%
béton eau
0%
domaine use eau eau de production
0%
25% eau géotechnique
0%
gemmes émeraude vert
0%
domaine use eau | géoressources énergie
0%
communication enseignement
0%
géologie appliqué enseignement et médiation
0%
35% enseignement sup
0%
jupiter | miné en france étain
0%
pierre de construction faluns
0%
mars | miné en france fer
0%
plomb galéne
0%
combustible fossile gaz de schiste
0%
combustible fossile gaz naturel
0%
géologie appliqué géoarchéologie
0%
géosciences géochimie
0%
géologie appliqué géodiv et biodiv
0%
géosciences géologie
0%
géologie appliqué géomorphologie
0%
géologie appliqué géopatrimoine
0%
géosciences géophyse
0%
géologie appliqué géoressources
0%
géologie appliqué géorisque
0%
aménagement géorisques
0%
aménagement géotechnique
0%
carbone graphite
0%
béton gravier
0%
pierre fine grenats
0%
platre gypse
0%
23% hydrocarburant
0%
géologie appliqué | géoressources | géosciences hydrogéologie
0%
zinc la blende (sphalénite)
0%
lithium lépidolite
0%
combustible fossile lignite
0%
fer | magnésium magnétite
0%
communication médiation scientifique
0%
mercure mercure
0%
mercure mercure natif
0%
maladie amainte mésothéliome
0%
nickel nickéline
0%
pierre fine olivines
0%
pierre fine onyx
0%
miné en france | soleil or
0%
or or natif
0%
arsenic orpiment réalgar
0%
communication patrimoine géologique
0%
uranium pechblende
0%
géosciences pédologie
0%
faillence peinture émaillé
0%
combustible fossile pétrole
0%
platine platine natif
0%
miné en france | saturne plomb
0%
géoressources prospection substance minéral
0%
aménagement protection environnement
0%
manganése pyrolusite
0%
pierre fine quartz violette
0%
communication recherche fondamental
0%
plastique roche carboné
0%
gemmes rubis rouge
0%
titane rutile
0%
béton sable
0%
verres sable quartzeux
0%
gemmes saphir bleu
0%
pierre de construction schistes ardoisier
0%
aménagement sites et sols pollués
0%
antimoine stibine
0%
céramique | faillence terre cuite
0%
géologie appliqué terroir viticole
0%
pierre fine toppaze impériale
0%
combustible fossile tourbes
0%
pierre de construction tuffeaux
0%
miné en france tungstene
0%
uranium uraninite
0%
domaine use eau usage domestique
0%
Aucun quiz correspondant
Distribution des résultats
% des personnes avec chaque résultat
Percentile par nombre de réponses
Votre historique - résultats
Vous n’avez pas pris ce quiz